Career patterns in education : women, men, and minorities in public school administration /

Bibliographic Details
Main Author: Ortiz, Flora Ida
Format: Book
Language:English
Published: New York : Praeger, 1982.
Subjects:

MARC

Tag First Indicator Second Indicator Subfields
LEADER 00000cam a22000008a 4500
001 in00000088828
005 20151008063253.0
008 810212s1982 nyu b 00110 eng
010 |a  80029490  
020 |c $20.95 
035 |a (OCoLC)07274222 
035 |9 AAK1912AM 
039 0 |a 2  |b 3  |c 3  |d 3  |e 3 
040 |a DLC  |c DLC  |d TXA  |d UtOrBLW 
043 |a n-us--- 
049 |a TXAM  |c [1672490] 
050 0 0 |a LB2831.62  |b .O77 
082 0 |a 371.2/01/02373 
100 1 |a Ortiz, Flora Ida. 
245 1 0 |a Career patterns in education :  |b women, men, and minorities in public school administration /  |c Flora Ida Ortiz. 
263 |a 8105 
264 1 |a New York :  |b Praeger,  |c 1982. 
300 |a vii, 183 pages ;  |c 24 cm. 
336 |a text  |b txt  |2 rdacontent 
337 |a unmediated  |b n  |2 rdamedia 
338 |a volume  |b nc  |2 rdacarrier 
500 |a "A J.F. Bergin Publishers book." 
500 |a Includes indexes. 
504 |a Bibliography: pages 159-176. 
650 0 |a School administrators  |z United States. 
999 |a MARS 
999 f f |s 83880ef6-fdf4-3c28-b5f8-ac0753166fbf  |i cb79a4f6-60d1-3b6b-b1ca-5731f3168f9f  |t 0 
952 f f |p normal  |a Texas A&M University  |b College Station  |c Sterling C. Evans Library  |d Evans: Library Stacks  |t 0  |e LB2831.62 .O77  |h Library of Congress classification  |i unmediated -- volume  |m A14806162378 
998 f f |a LB2831.62 .O77  |t 0  |l Evans: Library Stacks